[Event "BL2 Ost 1718 (Women)"]
[Site "Germany"]
[Date "2018.01.27"]
[Round "4.3"]
[White "Kaden, Romy"]
[Black "Richter, Ulrike"]
[Result "1/2-1/2"]
[WhiteElo "1791"]
[BlackElo "1935"]
[PlyCount "90"]
[EventDate "2017.10.14"]
[EventType "team-tourn"]
[EventRounds "7"]
[EventCountry "GER"]
[SourceTitle "EXT 2019"]
[Source "ChessBase"]
[SourceDate "2018.10.10"]
[SourceVersion "1"]
[SourceVersionDate "2018.10.10"]
[SourceQuality "1"]
[WhiteTeam "Chemnitz Aufbau (W)"]
[BlackTeam "Coswig TuS (W)"]
[WhiteTeamCountry "GER"]
[BlackTeamCountry "GER"]

1. e4 c5 2. c3 d6 3. d4 cxd4 4. cxd4 Nf6 5. Nc3 e6 6. Nf3 Nc6 7. Be2 Be7 8. 0-0 0-0 9. a3 a6 10. b4 Bd7 11. Bb2 Na7 12. Rc1 Rc8 13. Bd3 g6 14. Qd2 Re8 15. Rfd1 Bc6 16. h3 h5 17. d5 exd5 18. Nxd5 Bxd5 19. exd5 Rxc1 20. Rxc1 Bf8 21. Qg5 Nh7 22. Qf4 Bg7 23. Bxg7 Kxg7 24. Qd4+ Kg8 25. Qxa7 Re7 26. Qd4 Nf8 27. Qf4 Kg7 28. Ng5 f6 29. Ne4 Re5 30. Nc3 Qe7 31. Kf1 Nd7 32. Qd4 Qd8 33. Re1 Qe7 34. Rxe5 Nxe5 35. Qe4 Qc7 36. Ne2 f5 37. Qd4 Kf7 38. f4 Nd7 39. Qe3 Nf6 40. Qe6+ Kg7 41. a4 Qd8 42. a5 Qc7 43. Kf2 h4 44. Kf3 Ng8 45. Qe3 Nf6 1/2-1/2

[Event "GER-chT U20 Girls"]
[Site "Osnabrueck"]
[Date "2012.12.30"]
[Round "7.1"]
[White "Kaden, Romy"]
[Black "Schulz, Anja"]
[Result "0-1"]
[WhiteElo "1628"]
[BlackElo "2066"]
[PlyCount "72"]
[EventDate "2012.12.27"]
[EventType "team-swiss"]
[EventRounds "7"]
[EventCountry "GER"]
[SourceTitle "EXT 2014"]
[Source "ChessBase"]
[SourceDate "2013.11.20"]
[SourceVersion "1"]
[SourceVersionDate "2013.11.20"]
[SourceQuality "1"]
[WhiteTeam "Chemnitz Aufbau"]
[BlackTeam "Rossdorf"]
[WhiteTeamCountry "GER"]
[BlackTeamCountry "GER"]

1. e4 c5 2. c3 Nf6 3. e5 Nd5 4. d4 cxd4 5. Nf3 d6 6. cxd4 Nc6 7. Bc4 Nb6 8. Bb5 dxe5 9. Nxe5 Bd7 10. Nxd7 Qxd7 11. Nc3 Rd8 12. Be3 g6 13. 0-0 Bg7 14. Qf3 0-0 15. Rfd1 e6 16. Bxc6 bxc6 17. Ne4 Nd5 18. Rac1 Qb7 19. b3 Qa6 20. Rd2 Qb6 21. h3 f5 22. Bg5 fxe4 23. Bxd8 exf3 24. Bxb6 axb6 25. Rxc6 Nf4 26. g3 Ne2+ 27. Kf1 Nxd4 28. Rxb6 Rc8 29. Ke1 Rc1+ 30. Rd1 Nc2+ 31. Kd2 Bh6+ 32. Kc3 Rxd1 33. Kxc2 Rd2+ 34. Kc3 Rxf2 35. Rxe6 Re2 36. Rf6 f2 0-1

[Event "Sachsen-ch U18 Girls"]
[Site "Sebnitz"]
[Date "2012.04.11"]
[Round "5"]
[White "Schmieder, Michelle"]
[Black "Kaden, Romy"]
[Result "0-1"]
[WhiteElo "1259"]
[BlackElo "1667"]
[PlyCount "84"]
[EventDate "2012.04.10"]
[EventType "swiss"]
[EventRounds "5"]
[EventCountry "GER"]
[SourceTitle "CBM 148 Extra"]
[Source "ChessBase"]
[SourceDate "2012.06.22"]
[SourceVersion "1"]
[SourceVersionDate "2012.06.22"]
[SourceQuality "1"]

1. e4 c5 2. Nf3 d6 3. d4 cxd4 4. Nxd4 Nf6 5. Nc3 a6 6. Be3 e6 7. Bc4 b5 8. Bb3 Bb7 9. f3 Nbd7 10. Qd2 Nc5 11. a3 Nxb3 12. Nxb3 Be7 13. 0-0-0 Qc7 14. Qf2 0-0 15. g4 Nd7 16. Rd2 Nc5 17. Kb1 Rab8 18. Rhd1 Bc8 19. Qg3 Nxb3 20. cxb3 b4 21. axb4 Rxb4 22. Ka2 Qa5+ 23. Na4 Bd7 24. Rd4 Bxa4 25. Rxb4 Qxb4 26. Rd3 Bb5 27. Rd4 Qa5+ 28. Kb1 Rc8 29. h4 Bf6 30. Rxd6 Be5 31. Bb6 Bxg3 32. Bxa5 Bxd6 33. h5 Bd3+ 34. Ka2 Be5 35. g5 Rc2 36. Ka3 Bxb2+ 37. Ka4 Bb5+ 38. Kb4 Bc3+ 39. Ka3 Bxa5 40. h6 Bc3 41. b4 Bc4 42. hxg7 Ra2# 0-1

[Event "BL2 Mitte 1011 (Women)"]
[Site "Germany"]
[Date "2011.02.19"]
[Round "6.3"]
[White "Kaden, Romy"]
[Black "Henrichs, Wenke"]
[Result "0-1"]
[WhiteElo "1515"]
[BlackElo "2061"]
[PlyCount "118"]
[EventDate "2010.11.06"]
[EventType "team-tourn"]
[EventRounds "7"]
[EventCountry "GER"]
[SourceTitle "EXT 2012"]
[Source "ChessBase"]
[SourceDate "2011.11.24"]
[SourceVersion "1"]
[SourceVersionDate "2011.11.24"]
[SourceQuality "1"]
[WhiteTeam "Chemnitz (W)"]
[BlackTeam "Wattenscheid (W)"]
[WhiteTeamCountry "GER"]
[BlackTeamCountry "GER"]

1. e4 c5 2. c3 Nf6 3. e5 Nd5 4. d4 cxd4 5. cxd4 d6 6. Nf3 e6 7. Nc3 Nxc3 8. bxc3 Qc7 9. c4 Nd7 10. Be2 dxe5 11. 0-0 Be7 12. Bb2 exd4 13. Bxd4 0-0 14. Qc2 e5 15. Bb2 f5 16. Rfd1 e4 17. Nd4 Nf6 18. Qc3 a6 19. Rac1 Bd6 20. h3 f4 21. c5 Be5 22. c6 b5 23. Qb3+ Kh8 24. Ba1 f3 25. Bf1 fxg2 26. Bxg2 Qe7 27. Qc2 Bc7 28. Ne2 Bf5 29. Qc5 Qxc5 30. Rxc5 Bg6 31. Rcc1 Rae8 32. Nc3 Bf4 33. Rc2 e3 34. Re2 Bh5 35. f3 Bf7 36. Rc2 Bc4 37. Bf1 Be6 38. Be2 Bxh3 39. Nd5 Nxd5 40. Rxd5 Bc7 41. Rg5 Re7 42. Bd3 Rxf3 43. Be2 Rg3+ 44. Rxg3 Bxg3 45. Rc1 h6 46. Rd1 Bc7 47. Bd4 Kh7 48. Rd3 Bf5 49. Rc3 g6 50. Bxe3 h5 51. Bf3 h4 52. Bf2 g5 53. Bg2 Kg6 54. Rb3 Kh5 55. Kf1 g4 56. Rc3 g3 57. Bf3+ Kg6 58. Bg1 Bh3+ 59. Bg2 Rf7+ 0-1

[Event "BL2 Mitte 1011 (Women)"]
[Site "Germany"]
[Date "2010.11.07"]
[Round "2.5"]
[White "Tran, My Linh"]
[Black "Kaden, Romy"]
[Result "1-0"]
[WhiteElo "1895"]
[BlackElo "1515"]
[PlyCount "73"]
[EventDate "2010.11.06"]
[EventType "team-tourn"]
[EventRounds "7"]
[EventCountry "GER"]
[SourceTitle "EXT 2012"]
[Source "ChessBase"]
[SourceDate "2011.11.24"]
[SourceVersion "1"]
[SourceVersionDate "2011.11.24"]
[SourceQuality "1"]
[WhiteTeam "Friedberg (W)"]
[BlackTeam "Chemnitz (W)"]
[WhiteTeamCountry "GER"]
[BlackTeamCountry "GER"]

1. e4 c5 2. Nf3 d6 3. d4 cxd4 4. Nxd4 Nf6 5. Nc3 a6 6. g3 e5 7. Nde2 Be7 8. a4 Be6 9. Bg2 0-0 10. 0-0 Qc7 11. h3 Nc6 12. g4 Rac8 13. Be3 Rfd8 14. Ng3 Nb4 15. g5 Nd7 16. a5 Nc5 17. Nd5 Nxd5 18. exd5 Bd7 19. b4 Na4 20. c4 Qxc4 21. Rxa4 Bxa4 22. Qxa4 Qc2 23. Qa1 f6 24. gxf6 Bxf6 25. Be4 Qc3 26. Qb1 h6 27. Bf5 Rc4 28. Be6+ Kh8 29. Qg6 Qxb4 30. Bxh6 Rh4 31. Nf5 Rxh6 32. Nxh6 Qh4 33. Nf7+ Kg8 34. Nxd8+ Kh8 35. Nf7+ Kg8 36. Ng5+ Kh8 37. Qe8# 1-0

[Event "BL2 Mitte 1011 (Women)"]
[Site "Germany"]
[Date "2010.11.06"]
[Round "1.5"]
[White "Kaden, Romy"]
[Black "Bluhm, Sonja Maria"]
[Result "0-1"]
[WhiteElo "1515"]
[BlackElo "1818"]
[PlyCount "62"]
[EventDate "2010.11.06"]
[EventType "team-tourn"]
[EventRounds "7"]
[EventCountry "GER"]
[SourceTitle "EXT 2012"]
[Source "ChessBase"]
[SourceDate "2011.11.24"]
[SourceVersion "1"]
[SourceVersionDate "2011.11.24"]
[SourceQuality "1"]
[WhiteTeam "Chemnitz (W)"]
[BlackTeam "Hofheim (W)"]
[WhiteTeamCountry "GER"]
[BlackTeamCountry "GER"]

1. e4 e5 2. Nf3 Nc6 3. d4 exd4 4. Nxd4 Bc5 5. Be3 Qf6 6. c3 Nge7 7. Bc4 b6 8. 0-0 0-0 9. Na3 a6 10. Nac2 Qg6 11. f3 Bb7 12. Kh1 Ne5 13. Be2 d5 14. Bf4 Bd6 15. exd5 Nxd5 16. Bxe5 Bxe5 17. Bd3 Qh5 18. h3 Nf4 19. Bf5 c5 20. Bg4 Qg5 21. Nf5 h5 22. h4 Qf6 23. Bxh5 Nxh5 24. Nce3 Bf4 25. Qc2 Bxe3 26. Nxe3 Ng3+ 27. Kg1 Nxf1 28. Rxf1 Rfe8 29. Ng4 Qg6 30. Qd2 Rad8 31. Qf4 Bc8 0-1

[Event "Sachsen-ch U14 Girls"]
[Site "Sebnitz"]
[Date "2009.04.17"]
[Round "7"]
[White "Kaden, Romy"]
[Black "Loeser, Cynthia"]
[Result "1-0"]
[WhiteElo "1390"]
[BlackElo "1004"]
[PlyCount "83"]
[EventDate "2009.04.14"]
[EventType "swiss"]
[EventRounds "7"]
[EventCountry "GER"]
[SourceTitle "EXT 2010"]
[Source "ChessBase"]
[SourceDate "2010.11.25"]
[SourceVersion "1"]
[SourceVersionDate "2010.11.25"]
[SourceQuality "1"]

1. e4 d5 2. exd5 Qxd5 3. Nc3 Qd6 4. d4 Nf6 5. Nf3 c6 6. Bd3 Bg4 7. Be3 e6 8. h3 Bxf3 9. Qxf3 Nd5 10. Nxd5 Qxd5 11. Qg3 Nd7 12. 0-0 g6 13. c3 Bg7 14. Bf4 0-0 15. Qe3 Qh5 16. Be2 Qf5 17. Rad1 Nf6 18. Bd3 Qd5 19. Bh6 Rfd8 20. Bxg7 Kxg7 21. Rfe1 b5 22. Be2 Qf5 23. Bf3 Rac8 24. Re2 a5 25. g4 Nd5 26. gxf5 Nxe3 27. fxe3 exf5 28. h4 Re8 29. Rde1 c5 30. d5 Rc7 31. d6 Ra7 32. d7 Rd8 33. Bc6 b4 34. c4 Rc7 35. Bb5 h5 36. b3 Kf6 37. Rd2 g5 38. hxg5+ Kxg5 39. Kh2 Kg4 40. Rf2 Rb7 41. Rg1+ Kh4 42. Rf4# 1-0

[Event "Sachsen-ch U14 Girls"]
[Site "Sebnitz"]
[Date "2009.04.15"]
[Round "3"]
[White "Schmieder, Michelle"]
[Black "Kaden, Romy"]
[Result "0-1"]
[WhiteElo "1152"]
[BlackElo "1390"]
[PlyCount "58"]
[EventDate "2009.04.14"]
[EventType "swiss"]
[EventRounds "7"]
[EventCountry "GER"]
[SourceTitle "EXT 2010"]
[Source "ChessBase"]
[SourceDate "2010.11.25"]
[SourceVersion "1"]
[SourceVersionDate "2010.11.25"]
[SourceQuality "1"]

1. e4 c5 2. Bc4 d6 3. Nc3 Nc6 4. Nf3 g6 5. d4 cxd4 6. Nxd4 Bg7 7. Nf3 a6 8. Bf4 b5 9. Bd5 Bb7 10. e5 dxe5 11. Bxc6+ Bxc6 12. Qxd8+ Rxd8 13. Nxe5 Bxg2 14. Rg1 Bb7 15. Nd3 Nh6 16. 0-0-0 0-0 17. Bc7 Rc8 18. Ba5 Nf5 19. Nf4 Bh6 20. Nce2 e5 21. Bb4 Rfe8 22. Bd2 exf4 23. Bxf4 Rxe2 24. Bxh6 Rcxc2+ 25. Kb1 Nxh6 26. Rd8+ Kg7 27. a3 Be4 28. Rd4 Rxb2+ 29. Kc1 Rb1# 0-1

[Event "GER-chT U14 Girls"]
[Site "Dittrichshuette"]
[Date "2008.12.29"]
[Round "6.1"]
[White "Kaden, Romy"]
[Black "Rogasch, Miriam"]
[Result "0-1"]
[WhiteElo "1368"]
[BlackElo "1552"]
[PlyCount "78"]
[EventDate "2008.12.27"]
[EventType "team-swiss"]
[EventRounds "7"]
[EventCountry "GER"]
[SourceTitle "EXT 2010"]
[Source "ChessBase"]
[SourceDate "2010.11.25"]
[SourceVersion "1"]
[SourceVersionDate "2010.11.25"]
[SourceQuality "1"]
[WhiteTeam "Chemnitz Aufbau"]
[BlackTeam "Gryps SV"]
[WhiteTeamCountry "GER"]
[BlackTeamCountry "GER"]

1. e4 e5 2. Nf3 Nc6 3. d4 exd4 4. Nxd4 Bc5 5. Be3 Qf6 6. c3 Nge7 7. Bc4 Ne5 8. Bb3 0-0 9. 0-0 d6 10. Qd2 h6 11. Na3 c6 12. Nac2 Re8 13. Rad1 Bd7 14. Ne2 Bxe3 15. Nxe3 Nc8 16. Ng3 Ng4 17. Nxg4 Bxg4 18. f3 Be6 19. Qc2 Nb6 20. Bxe6 Qxe6 21. Nf5 Rad8 22. Rfe1 Nc4 23. b3 Ne5 24. c4 d5 25. cxd5 cxd5 26. exd5 Rxd5 27. Rxd5 Nxf3+ 28. gxf3 Qxe1+ 29. Kg2 Re2+ 30. Qxe2 Qxe2+ 31. Kg3 Qxa2 32. Rd8+ Kh7 33. Ra8 Qxb3 34. Rxa7 Qd5 35. Nh4 g5 36. Ng2 Qd6+ 37. Kf2 Qb6+ 38. Ne3 Qxa7 39. Ke2 b5 0-1

[Event "GER-chT U14 Girls"]
[Site "Dittrichshuette"]
[Date "2008.12.28"]
[Round "3.1"]
[White "Kaden, Romy"]
[Black "Schmalhorst, Sophia"]
[Result "0-1"]
[WhiteElo "1368"]
[BlackElo "1588"]
[PlyCount "118"]
[EventDate "2008.12.27"]
[EventType "team-swiss"]
[EventRounds "7"]
[EventCountry "GER"]
[SourceTitle "EXT 2010"]
[Source "ChessBase"]
[SourceDate "2010.11.25"]
[SourceVersion "1"]
[SourceVersionDate "2010.11.25"]
[SourceQuality "1"]
[WhiteTeam "Chemnitz Aufbau"]
[BlackTeam "Rossdorf"]
[WhiteTeamCountry "GER"]
[BlackTeamCountry "GER"]

1. e4 e5 2. Nf3 Nc6 3. d4 exd4 4. Nxd4 Nf6 5. Nxc6 bxc6 6. e5 Qe7 7. Qe2 Nd5 8. g3 a5 9. Bg2 Ba6 10. c4 Nb6 11. Nd2 Qe6 12. b3 Bb4 13. Bb2 0-0 14. 0-0 a4 15. Nf3 Rfb8 16. Ng5 Qe7 17. Qh5 h6 18. Nh3 Ba3 19. Bd4 Bc5 20. Bb2 axb3 21. axb3 Nxc4 22. bxc4 Rxb2 23. Be4 Bd4 24. Qf5 g6 25. Qf4 Qxe5 26. Qxe5 Bxe5 27. Ra3 Rbb8 28. Rd1 Bxc4 29. Rxa8 Rxa8 30. Kh1 Ra1 31. Rxa1 Bxa1 32. Kg1 Be5 33. f4 Bd4+ 34. Kg2 Bd5 35. Kf3 f5 36. Bxd5+ cxd5 37. Ke2 c5 38. Kd3 Kf7 39. Ke2 c4 40. Nf2 Bxf2 41. Kxf2 d4 42. Ke2 Ke6 43. Kd2 Kd5 44. Kc2 Ke4 45. Kd2 c3+ 46. Kc2 Ke3 47. Kc1 Ke2 48. Kc2 d3+ 49. Kxc3 d2 50. Kc4 d1Q 51. Kc3 Qd3+ 52. Kb4 Qc2 53. g4 Kd3 54. gxf5 Qc4+ 55. Ka5 Qb3 56. fxg6 Kc4 57. Ka6 Kc5 58. Ka7 Kc6 59. Ka8 Qb7# 0-1

[Event "GER-chT U14 Girls"]
[Site "Stuttgart"]
[Date "2007.12.27"]
[Round "2.2"]
[White "Tran, My Linh"]
[Black "Kaden, Romy"]
[Result "1-0"]
[WhiteElo "1169"]
[BlackElo "1251"]
[PlyCount "91"]
[EventDate "2007.12.27"]
[EventType "team-swiss"]
[EventRounds "7"]
[EventCountry "GER"]
[SourceTitle "EXT 2009"]
[Source "ChessBase"]
[SourceDate "2008.11.26"]
[SourceVersion "1"]
[SourceVersionDate "2008.11.26"]
[SourceQuality "1"]
[WhiteTeam "Rossdorf SC Ladja U14 Girls"]
[BlackTeam "Chemnitz Aufbau U14 Girls"]
[WhiteTeamCountry "GER"]
[BlackTeamCountry "GER"]

1. e4 c5 2. Nf3 d6 3. d4 cxd4 4. Nxd4 Nf6 5. Nc3 e6 6. Be3 Be7 7. f3 Nbd7 8. Qd2 a6 9. 0-0-0 b5 10. Nc6 Qc7 11. Nxe7 Kxe7 12. Bf4 e5 13. Bg5 Rd8 14. Nd5+ Kf8 15. Nxc7 Ra7 16. Qxd6+ Kg8 17. Bxf6 gxf6 18. Qe7 Rf8 19. Rxd7 Bxd7 20. Qxd7 Rb7 21. Qg4+ Kh8 22. Nd5 Rg8 23. Qh4 Rg6 24. Nxf6 Rg7 25. Qh3 Rb8 26. Be2 Ra8 27. Rd1 Rb8 28. Qd7 Rgg8 29. Nxg8 Kxg8 30. Qd8+ Rxd8 31. Rxd8+ Kg7 32. Rd6 f6 33. Rxa6 Kg6 34. Bxb5 Kg5 35. c4 h5 36. c5 f5 37. exf5 Kxf5 38. c6 h4 39. c7 Kf4 40. c8Q h3 41. Qg4+ Ke3 42. Ra3+ Kf2 43. Qg3+ Kg1 44. gxh3+ Kh1 45. Re3 e4 46. Re1# 1-0